| 000 | 00702nam a2200205 a 4500 | ||
|---|---|---|---|
| 001 | 12793 | ||
| 003 | CO-ViMGA | ||
| 008 | 141112s2004 ck r 000 u spa d | ||
| 020 | _a9589255108 | ||
| 040 |
_aCO-ViMGA _bspa _cCO-ViMGA |
||
| 082 | 0 | 4 | _a371.6 T824 |
| 100 | 1 | _aPerea, Rosero Tucidides | |
| 245 | 1 | 0 |
_aReconozco mi cuerpo : _bEducación Física |
| 260 |
_aSantafé de Bogotá : _bDeportiva Colombiana, _c2000. |
||
| 300 | _a104p. : il. | ||
| 590 | _aForma de adquisición : COMPRA - - Precio : 13.200 - - Proveedor : TUCIDIDES PEREA - - Fecha de adquisición : 06 - 09 - 2000 | ||
| 650 | 1 | 4 | _aeducación FISICA - ENSEÑANZA |
| 650 | 1 | 4 |
_aeducación FISICA PARA NIÑOS _9381 |
| 942 |
_2ddc _cBK |
||
| 999 |
_c23736 _d23736 |
||